[Event "South Carolina op"]
[Site "Greenville"]
[Date "2006.06.24"]
[Round "3"]
[White "Newcomb, Blaine H"]
[Black "Holmes, Gilbert"]
[Result "1-0"]
[WhiteElo "1893"]
[BlackElo "1744"]
[PlyCount "70"]
[EventDate "2006.06.23"]
[EventType "swiss"]
[EventRounds "5"]
[EventCountry "USA"]
[SourceTitle "CBM 112 Extra"]
[Source "ChessBase"]
[SourceDate "2006.07.14"]
[SourceVersion "1"]
[SourceVersionDate "2006.07.14"]
[SourceQuality "1"]

1. c4 g6 2. Nc3 c5 3. g3 Bg7 4. Bg2 d6 5. Nf3 Nc6 6. 0-0 e6 7. e4 Nge7 8. d3 0-0 9. Be3 Rb8 10. Qd2 a6 11. Bh6 d5 12. Bxg7 Kxg7 13. cxd5 exd5 14. Nxd5 Nxd5 15. exd5 Qxd5 16. Qc3+ Kg8 17. Nd2 Qe5 18. Ne4 Qxc3 19. bxc3 b6 20. Nf6+ Kg7 21. Nxh7 Kxh7 22. Bxc6 Rd8 23. Rad1 Rd6 24. Be4 Be6 25. Rd2 Rbd8 26. Rfd1 b5 27. d4 cxd4 28. cxd4 Bc4 29. f4 Re8 30. Bd3 Red8 31. Kf2 Kg7 32. Be4 f5 33. Bf3 Kf6 34. d5 Rh8 35. Kg2 Re8 1-0